000 00604nam a2200205Ia 4500
003 GCL
008 140319s9999 xx 000 0 ara d
040 _aGCL /
_cGCL
082 0 4 _a928.1
_bا س
100 1 _aاحمد هيكل
245 1 0 _aسنوات وذكريات: سيرة ذاتية /
_cاحمد هيكل
300 _a195 ص
490 _aالهيئة العامة للاستعلامات
_v0
650 0 4 _aالادب العربى
650 0 4 _aالتراجم
650 0 4 _aالادباء العرب
650 0 4 _aالرجال - تراجم
650 0 4 _aاحمد هيكل
942 _2ddc
_cBK
999 _c49986
_d49986